000 00331nam a2200133Ia 4500
008 240624s9999 xx 000 0 und d
041 _aeng
082 _a658.404 KOH
100 _aKOHLI
245 _aPROJECT MANAGEMENT HANDBOOK
260 _c2007
_aNew Delhi
_bTata McGraw-Hill
300 _a518 : p. : cm. ; 22
365 _cRS
_b33
999 _c25772
_d25772